Sports Quiz

Random Sports or Soccer Quiz

Brazilian Footballers Quiz Stats

 Plays Quiz Updated Feb 27, 2019

Score 0/20 Timer 07:00
4 Plays Today
Real Name Known As % Correct
Ronaldo Luís Nazário de LimaRonaldo
94.3%
Edison Arantes do NascimentoPelé
89.5%
Ronaldo de Assis MoreiraRonaldinho
81.7%
Rivaldo Vítor Borba FerreiraRivaldo
64.1%
Ricardo Izecson dos Santos LeiteKaká
62%
Romário de Souza FariaRomário
58.4%
Robson de SouzaRobinho
56.9%
Marcos Evangelista de MoraesCafu
39.6%
Arthur Antunes CoimbraZico
37.4%
Carlos Caetano Bledorn VerriDunga
30.1%
Real Name Known As % Correct
Nélson de Jesus SilvaDida
26.2%
Manuel Francisco dos SantosGarrincha
24.1%
José Roberto Gama de OliveiraBebeto
23.7%
Jair Ventura FilhoJairzinho
21.7%
Oswaldo Giroldo Jr.Juninho
21.6%
José Roberto da Silva JúniorZé Roberto
15.4%
Eduardo Gonçalves de AndradeTostão
8.8%
Gylmar dos Santos NevesGilmar
8.7%
Thomaz Soares da SilvaZizinho
4.6%
Carlos Roberto de OliveiraRoberto Dinamite
3.3%

You're not logged in!

Compare scores with friends on all Sporcle quizzes.
OR
Log In

Sporcle TV

Today on Sporcle TV


Watch our educational content, quiz creation guides, and fun videos on Sporcle TV.

Show Comments

Extras

Top Quizzes Today


Score Distribution

Your Account Isn't Verified!

In order to create a playlist on Sporcle, you need to verify the email address you used during registration. Go to your Sporcle Settings to finish the process.

Report this User

Report this user for behavior that violates our Community Guidelines.

Details: